000 00483nam a2200181Ia 4500
005 20250508151017.0
008 008 250505s9999 xx 000 0 eng d
037 _aTextual
040 _aFEDL
_beng
_cFEDL
041 _aeng
_2eng
084 _a645.5, CHR
_qFEDL
100 _aChristopher F J
_9758128
245 0 _aLampshade making
260 _aLondon, UK
_bW and G Folyle Ltd.
_c1952
300 _a104p
942 _cTEXL
_h645.5, CHR
999 _c1327031
_d1327031